书目信息 |
| 题名: |
暗室技术与技巧
|
|
| 作者: | 赵巷 , 郝玉树 著 | |
| 分册: | ||
| 出版信息: | 沈阳 辽宁美术出版社 1997.02 |
|
| 页数: | 302页 | |
| 开本: | 19cm | |
| 丛书名: | ||
| 单 册: | ||
| 中图分类: | TB88 | |
| 科图分类: | ||
| 主题词: | 摄影--洗印--技术 | |
| 电子资源: | ||
| ISBN: | 7-5314-1619-0 | |
| 000 | 00588nam0 2200205 450 | |
| 001 | 0734545465 | |
| 005 | 20071220094113.18 | |
| 010 | @a7-5314-1619-0@dCNY28.60 | |
| 100 | @a20071220d1997 km y0chiy0120 ea | |
| 101 | 0 | @achi |
| 102 | @aCN@b210000 | |
| 200 | 1 | @a暗室技术与技巧@Aan shi ji shu yu ji qiao@f赵巷,郝玉树著@Fzhao xiang,hao yu shu zhu |
| 210 | @a沈阳@c辽宁美术出版社@d1997.02 | |
| 215 | @a302页@d19cm | |
| 606 | 0 | @a摄影@x洗印@x技术 |
| 690 | @aTB88@v4 | |
| 701 | 0 | @a赵巷@Azhao xiang@4著 |
| 701 | 0 | @a郝玉树@Ahao yu shu@4著 |
| 801 | 0 | @aCN@bPFT@c20071220 |
| 905 | @aBZT@dTB88@e1 | |
| 暗室技术与技巧/赵巷,郝玉树著.-沈阳:辽宁美术出版社,1997.02 |
| 302页;19cm |
| ISBN 7-5314-1619-0:CNY28.60 |
| ● |
| 相关链接 |
|
|
|
正题名:暗室技术与技巧
索取号:TB88/1
 
预约/预借
| 序号 | 登录号 | 条形码 | 馆藏地/架位号 | 状态 | 备注 |
| 1 | 15666 | 220001476 | 中心书库中库/ 中库030架B面4列4层59/ [索取号:TB88/1] | 在馆 | |
| 2 | 15667 | 220001475 | 中心书库中库/ 中库030架B面4列4层58/ [索取号:TB88/1] | 在馆 |